15 Largest Cities in the Republic of the Congo🇨🇬 - Statistics

General Stats
  • This quiz has been taken 10 times
  • The average score is 4 of 15
Answer Stats
Population City % Correct
1.2 mil Brazzaville
100%
659k Pointe-Noire
86%
103k Dolisie
29%
23k Ouesso
29%
9k Djambala
14%
20k Gamboma
14%
20k Impfondo
14%
58k Kayes
14%
13k Kinkala
14%
22k Madingou
14%
11k Makoua
14%
23k Owando
14%
19k Sibiti
14%
23k Loandjili
0%
18k Mossendjo
0%
No matching quizzes found
Score Distribution
Percent of People with Each Score
Percentile by Number Answered
Your Score History
You have not taken this quiz